<?xml version="1.0" encoding="UTF-8"?>
<collection xmlns="http://www.loc.gov/MARC21/slim">
 <record>
  <leader>02967nmm a2200469 a 4500</leader>
  <controlfield tag="001">1/40305</controlfield>
  <controlfield tag="008">100916s1998    gr         ma       gre d</controlfield>
  <datafield tag="035" ind1=" " ind2=" ">
   <subfield code="l">43065</subfield>
  </datafield>
  <datafield tag="040" ind1=" " ind2=" ">
   <subfield code="a">GR-PeUP</subfield>
  </datafield>
  <datafield tag="082" ind1="0" ind2="0">
   <subfield code="a">CD-ROM 363.7 ΡΟΥ</subfield>
  </datafield>
  <datafield tag="090" ind1=" " ind2=" ">
   <subfield code="a">363.7 ΡΟΥ</subfield>
  </datafield>
  <datafield tag="100" ind1="1" ind2=" ">
   <subfield code="a">Ρούσση, Μάγδα.</subfield>
  </datafield>
  <datafield tag="245" ind1="1" ind2="0">
   <subfield code="a">Άνθρωπος, περιβάλλον και τεχνολογία :</subfield>
   <subfield code="b">συνύπαρξη καταστροφική ή δημιουργική;</subfield>
   <subfield code="h">[computer file] /</subfield>
   <subfield code="c">Μάγδα Ρούσση, Κατερίνα Κανελλοπούλου - Τσουχτίδη.</subfield>
  </datafield>
  <datafield tag="246" ind1="3" ind2=" ">
   <subfield code="a">L'Homme, l'Environnement et la Technologie. Coexistence catastrophique ou creatrice?</subfield>
  </datafield>
  <datafield tag="246" ind1="3" ind2=" ">
   <subfield code="a">Man, Environment and Technology. Coexistence catastrophic or creative?</subfield>
  </datafield>
  <datafield tag="250" ind1=" " ind2=" ">
   <subfield code="a">Windows version.</subfield>
  </datafield>
  <datafield tag="256" ind1=" " ind2=" ">
   <subfield code="a">Computer data.</subfield>
  </datafield>
  <datafield tag="260" ind1=" " ind2=" ">
   <subfield code="a">[Αθήνα] :</subfield>
   <subfield code="b">[χ.ό],</subfield>
   <subfield code="c">2009.</subfield>
  </datafield>
  <datafield tag="300" ind1=" " ind2=" ">
   <subfield code="a">1 οπτικό δίσκο Η/Υ ;</subfield>
   <subfield code="c">4 3/4 in.</subfield>
  </datafield>
  <datafield tag="500" ind1=" " ind2=" ">
   <subfield code="a">Συμπαραγωγοί: Τεχνολογικό Εκπαιδευτικό Ίδρυμα Ιονίων Νήσων και Εργαστήριο Υγιεινής και Προστασίας Περιβάλλοντος. Τμήματος Ιατρικής ΔΠΘ. Πρόγραμμα Μεταπτυχιακών Σπουδών Υγιεινή και Ασφάλεια της Εργασίας.</subfield>
  </datafield>
  <datafield tag="500" ind1=" " ind2=" ">
   <subfield code="a">Απόδοση κειμένων σε τρεις γλώσσες: Αγγλικά, Γαλλικά και Ελληνικά.</subfield>
  </datafield>
  <datafield tag="500" ind1=" " ind2=" ">
   <subfield code="a">Τίτλος στα γαλλικά: L'Homme, l'Environnement et la Technologie. Coexistence catastrophique ou creatrice?</subfield>
  </datafield>
  <datafield tag="500" ind1=" " ind2=" ">
   <subfield code="a">Τίτλος στα αγγλικά: Man, Environment and Technology. Coexistence catastrophic or creative?</subfield>
  </datafield>
  <datafield tag="650" ind1=" " ind2="4">
   <subfield code="a">Άνθρωπος</subfield>
   <subfield code="x">Επίδραση περιβάλλοντος.</subfield>
  </datafield>
  <datafield tag="650" ind1=" " ind2="4">
   <subfield code="a">Άνθρωπος.</subfield>
  </datafield>
  <datafield tag="650" ind1=" " ind2="4">
   <subfield code="a">Ανθρωπος</subfield>
   <subfield code="x">Οικολογία.</subfield>
  </datafield>
  <datafield tag="650" ind1=" " ind2="4">
   <subfield code="a">Περιβάλλον.</subfield>
  </datafield>
  <datafield tag="650" ind1=" " ind2="4">
   <subfield code="a">Περιβάλλον</subfield>
   <subfield code="x">Διαχείριση.</subfield>
  </datafield>
  <datafield tag="650" ind1=" " ind2="4">
   <subfield code="a">Τεχνολογία.</subfield>
  </datafield>
  <datafield tag="650" ind1=" " ind2="4">
   <subfield code="a">CD-ROMs.</subfield>
  </datafield>
  <datafield tag="650" ind1=" " ind2="4">
   <subfield code="a">Environment</subfield>
   <subfield code="x">Pollution.</subfield>
  </datafield>
  <datafield tag="650" ind1=" " ind2="4">
   <subfield code="a">Environmental health.</subfield>
  </datafield>
  <datafield tag="650" ind1=" " ind2="4">
   <subfield code="a">Environmental policy.</subfield>
  </datafield>
  <datafield tag="650" ind1=" " ind2="4">
   <subfield code="a">Environmental pollution.</subfield>
  </datafield>
  <datafield tag="650" ind1=" " ind2="4">
   <subfield code="a">Environmental protection.</subfield>
  </datafield>
  <datafield tag="650" ind1=" " ind2="4">
   <subfield code="a">Technology.</subfield>
  </datafield>
  <datafield tag="650" ind1=" " ind2="4">
   <subfield code="a">Human ecology.</subfield>
  </datafield>
  <datafield tag="650" ind1=" " ind2="4">
   <subfield code="a">Human behavior.</subfield>
  </datafield>
  <datafield tag="700" ind1="1" ind2=" ">
   <subfield code="a">Κανελλοπούλου - Τσουχτίδη, Κατερίνα.</subfield>
  </datafield>
  <datafield tag="710" ind1="2" ind2=" ">
   <subfield code="a">Τεχνολογικό Εκπαιδευτικό Ίδρυμα Ιονίων Νήσων. Τμήμα Τεχνολογίας Περιβάλλοντος και Οικολογίας.</subfield>
  </datafield>
  <datafield tag="710" ind1="2" ind2=" ">
   <subfield code="a">Εργαστήριο Υγιεινής και Προστασίας Περιβάλλοντος. Τμήματος Ιατρικής ΔΠΘ.</subfield>
  </datafield>
  <datafield tag="852" ind1=" " ind2=" ">
   <subfield code="a">INST</subfield>
   <subfield code="b">UNIPILB</subfield>
   <subfield code="c">MMEDIA</subfield>
   <subfield code="e">20100916</subfield>
   <subfield code="h">CD-ROM 363.7 ΡΟΥ</subfield>
   <subfield code="p">00161832</subfield>
   <subfield code="q">00161832</subfield>
   <subfield code="t">NOLOAN</subfield>
   <subfield code="y">23</subfield>
   <subfield code="4">1</subfield>
  </datafield>
 </record>
</collection>
